Kuusi lähintä maata - Singapore - Statistics

Yleistilastot
  • Tätä visaa on pelattu 15 kertaa
  • Keskiarvotulos 4 / 6
Vastaustilastot
km maa % Oikein
6 Indonesia
92%
1 Malesia
83%
524 Thaimaa
75%
797 Vietnam
58%
998 Kambodža
42%
1109 Myanmar
42%
Ehtoja vastaavia visoja ei löytynyt
Tulosjakauma
Jokaisen tuloksen saaneiden osuus
Persentiili vastausten määrän mukaan
Tuloshistoriasi
Et ole pelannut tätä visaa